Manažment nákladov a možnosti ich znižovania vo vybranom podniku diplomová práca

Enregistré dans:
Détails bibliographiques
Auteur principal: Jonek, Martin
Collectivité auteur: Podnikovohospodárska fakulta EU so sídlom v Košiciach. Katedra finančného riadenia podniku
Autres auteurs: Feranecová, Adela, 1986-
Format: Livre
Langue:slovaque
Publié: Košice 2025
Tags: Ajouter un tag
Pas de tags, Soyez le premier à ajouter un tag!

MARC

LEADER 00000nbm a2200000 4500
001 0309034
005 20260226085650.8
041 0 |a slo 
044 |a SK 
245 1 0 |a Manažment nákladov a možnosti ich znižovania vo vybranom podniku  |b diplomová práca  |c Martin Jonek ; školiteľ: Adela Feranecová 
264 1 |a Košice  |c 2025 
300 |a 67 s. 
100 1 |a Jonek, Martin 
700 1 |a Feranecová, Adela, 1986- 
710 2 |a Podnikovohospodárska fakulta EU so sídlom v Košiciach. Katedra finančného riadenia podniku